000 00385nam a2200145 i 4500
001 64665
003 ES-MaACL
005 20230906165201.0
007 t|
008 040102s1968 sp ||||1| spa d
245 0 3 _aLa formación de matrimonios educadores.
260 _a[Bilbao] :
_bDesclée de Brouwer,
_c[1968]
300 _a241 p. ;
_c20 cm.
852 _aES-MaACL
_jC-50860
_bR.66227
999 _c64665
_d64665